100. yılında fotoğraflarla Çanakkale (Record no. 721)

MARC details
000 -BAŞLIK
Sabit Uzunlukta Kontrol Alanı 00624na a2200217 4500
001 - KONTROL NUMARASI
Denetim Alanı 16487
003 - KONTROL NUMARASI IDENTIFIER
Denetim Alanı MIRAKIL
005 - SON İŞLEM TARİHİ VE ZAMANI
Denetim Alanı 20181213154758.0
008 - SABİT-BOY VERİ ELEMANLARI - GENEL BİLGİLER
Sabit Uzunlukta Kontrol Alanı 161010b tu 000 0
040 ## - KATALOGLAMA KAYNAK
Orijinal Kataloglama Ajansı Milas
Kataloglama Dili tur
Metne Dönüştürmek Ajansı TR-AnCHP
041 ## - DİL KODU
Metin / Ses Parça Veya Ayrı Başlığın Dil Kodu tur
082 ## - DEWEY ONLU SINIFLANDIRMA NUMARASI
Sınıflandırma Numarası 956.101543
Ürün Numarası Y99 2015
090 ## - SINIFLAMA NUMARASI
Sınıflama Numarası 956.101543 Y99 2015
245 ## - BAŞLIK TABLOSU
Başlık 100. yılında fotoğraflarla Çanakkale
Sorumluluk Tablosu, Vb TBMM
246 ## - UNVAN FORM VARYING
Başlık Doğru / Kısa Başlığı Fotoğraflarla Çanakkale
260 ## - YAYIN, DAĞITIM, VB
Yayın, Dağıtım, Vb Yeri Ankara
Yayıncı, Dağıtıcı, Vs Adı TBMM Basımevi
Yayın, Dağıtım, Vb Tarihi 2015
300 ## - FİZİKSEL TANIM
Kapsam 142 s.
Diğer Fiziksel Ayrıntıları fotg.
Boyutlar 20x23 sm.
650 ## - KONU KATMA GİRİŞ - TOPİKAL DÖNEM
Topikal Süreli Veya Coğrafi Ad Giriş Elemanı Çanakkale Savaşları
Genel Alt Bölümü Fotoğraflar
651 ## - KONU KATMA GİRİŞ - COĞRAFİ ADI
Coğrafi İsim Çanakkale
Genel Alt Bölümü Tarih
Kronolojik Alt Bölümü Resimli yapıtlar
942 ## - EKLENDİ GİRİŞ ELEMANLARI (KOHA)
Sınıflandırma Veya Raf Düzeni Kaynak Dewey Decimal Classification
Koha Öğesi Türü Books
999 ## - SİSTEM KONTROL NUMARALARI (KOHA)
Koha Biblionumber 721
Koha Biblioitemnumber 721
Holdings
Kalıcı Konum Mevcut Konum Edinme Tarihi Edinim Kaynak Toplam Check-Out'Lar Tam Çağrı Numarası Barkod Tarih Son Görülme İtibaren Geçerli Fiyatlar Koha Öğesi Türü
CHP Kütüphanesi CHP Kütüphanesi 10/07/2016 Bağış   956.101543 Y99 2015 006507 10/07/2016 10/07/2016 Books